<?xml version="1.0" encoding="UTF-8"?>
<record
    xmlns:xsi="http://www.w3.org/2001/XMLSchema-instance"
    xsi:schemaLocation="http://www.loc.gov/MARC21/slim http://www.loc.gov/standards/marcxml/schema/MARC21slim.xsd"
    xmlns="http://www.loc.gov/MARC21/slim">

  <leader>02038pam a22003494a 4500</leader>
  <controlfield tag="001">5299706</controlfield>
  <controlfield tag="005">20170105102938.0</controlfield>
  <controlfield tag="008">040921s2005    mdub     b    001 0 eng  </controlfield>
  <datafield tag="010" ind1=" " ind2=" ">
    <subfield code="a">  2004022277</subfield>
  </datafield>
  <datafield tag="020" ind1=" " ind2=" ">
    <subfield code="a">0742525864 (cloth : alk. paper)</subfield>
  </datafield>
  <datafield tag="020" ind1=" " ind2=" ">
    <subfield code="a">0742525872 (pbk. : alk. paper)</subfield>
  </datafield>
  <datafield tag="035" ind1=" " ind2=" ">
    <subfield code="a">(OCoLC)ocm56567066</subfield>
  </datafield>
  <datafield tag="035" ind1=" " ind2=" ">
    <subfield code="a">(NNC)5299706</subfield>
  </datafield>
  <datafield tag="040" ind1=" " ind2=" ">
    <subfield code="a">DLC</subfield>
    <subfield code="c">DLC</subfield>
    <subfield code="d">YDX</subfield>
    <subfield code="d">OrLoB-B</subfield>
  </datafield>
  <datafield tag="042" ind1=" " ind2=" ">
    <subfield code="a">pcc</subfield>
  </datafield>
  <datafield tag="043" ind1=" " ind2=" ">
    <subfield code="a">az-----</subfield>
  </datafield>
  <datafield tag="050" ind1="0" ind2="0">
    <subfield code="a">DS341</subfield>
    <subfield code="b">.S653 2005</subfield>
  </datafield>
  <datafield tag="082" ind1="0" ind2="0">
    <subfield code="a">320.95</subfield>
    <subfield code="2">22</subfield>
    <subfield code="b">SOU 2005</subfield>
  </datafield>
  <datafield tag="245" ind1="0" ind2="0">
    <subfield code="a">South Asia in world politics /</subfield>
    <subfield code="c">edited by Devin T. Hagerty.</subfield>
  </datafield>
  <datafield tag="260" ind1=" " ind2=" ">
    <subfield code="a">Lanham, Md. :</subfield>
    <subfield code="b">Rowman &amp; Littlefield Publishers,</subfield>
    <subfield code="c">c2005.</subfield>
  </datafield>
  <datafield tag="300" ind1=" " ind2=" ">
    <subfield code="a">xviii, 312 p. :</subfield>
    <subfield code="b">1 map ;</subfield>
    <subfield code="c">23 cm.</subfield>
  </datafield>
  <datafield tag="490" ind1="1" ind2=" ">
    <subfield code="a">Asia in world politics</subfield>
  </datafield>
  <datafield tag="504" ind1=" " ind2=" ">
    <subfield code="a">Includes bibliographical references and index.</subfield>
  </datafield>
  <datafield tag="505" ind1="0" ind2="0">
    <subfield code="t">South Asia chronology --</subfield>
    <subfield code="t">Introduction : South Asia in world politics /</subfield>
    <subfield code="r">Devin T. Hagerty --</subfield>
    <subfield code="g">1.</subfield>
    <subfield code="t">India's foreign relations /</subfield>
    <subfield code="r">Devin T. Hagerty and Herbert G. Hagerty --</subfield>
    <subfield code="g">2.</subfield>
    <subfield code="t">Pakistan's foreign relations /</subfield>
    <subfield code="r">Peter R. Lavoy --</subfield>
    <subfield code="g">3.</subfield>
    <subfield code="t">Bangladesh's foreign relations /</subfield>
    <subfield code="r">Craig Baxter --</subfield>
    <subfield code="g">4.</subfield>
    <subfield code="t">South Asia's small states in world politics /</subfield>
    <subfield code="r">Swarna Rajagopalan --</subfield>
    <subfield code="g">5.</subfield>
    <subfield code="t">The reconstitution and reconstruction of Afghanistan /</subfield>
    <subfield code="r">Devin T. Hagerty and Herbert G. Hagerty --</subfield>
    <subfield code="g">6.</subfield>
    <subfield code="t">Great-power foreign policies in South Asia /</subfield>
    <subfield code="r">Robert Wirsing --</subfield>
    <subfield code="g">7.</subfield>
    <subfield code="t">Kashmir and India-Pakistan nuclear issues /</subfield>
    <subfield code="r">Gaurav Kampani --</subfield>
    <subfield code="g">8.</subfield>
    <subfield code="t">International dimensions of ethnic conflict /</subfield>
    <subfield code="r">Maya Chadda --</subfield>
    <subfield code="g">9.</subfield>
    <subfield code="t">Religion and politics /</subfield>
    <subfield code="r">David Taylor --</subfield>
    <subfield code="g">10.</subfield>
    <subfield code="t">Democratization and development /</subfield>
    <subfield code="r">Jonah Blank --</subfield>
    <subfield code="g">11.</subfield>
    <subfield code="t">Globalization and economic liberalization /</subfield>
    <subfield code="r">Anupam Srivastava --</subfield>
    <subfield code="g">12.</subfield>
    <subfield code="t">The war on terrorism : implications for South Asia /</subfield>
    <subfield code="r">Timothy D. Hoyt.</subfield>
  </datafield>
  <datafield tag="651" ind1=" " ind2="0">
    <subfield code="a">South Asia</subfield>
    <subfield code="x">Foreign relations.</subfield>
  </datafield>
  <datafield tag="651" ind1=" " ind2="0">
    <subfield code="a">South Asia</subfield>
    <subfield code="x">Politics and government.</subfield>
  </datafield>
  <datafield tag="700" ind1="1" ind2=" ">
    <subfield code="a">Hagerty, Devin T.</subfield>
  </datafield>
  <datafield tag="830" ind1=" " ind2="0">
    <subfield code="a">Asia in world politics.</subfield>
  </datafield>
  <datafield tag="856" ind1="4" ind2="1">
    <subfield code="3">Table of contents</subfield>
    <subfield code="u">http://www.loc.gov/catdir/toc/ecip051/2004022277.html</subfield>
  </datafield>
  <datafield tag="900" ind1=" " ind2=" ">
    <subfield code="b">TOC</subfield>
  </datafield>
  <datafield tag="942" ind1=" " ind2=" ">
    <subfield code="2">ddc</subfield>
    <subfield code="c">BK</subfield>
  </datafield>
  <datafield tag="999" ind1=" " ind2=" ">
    <subfield code="c">16387</subfield>
    <subfield code="d">16387</subfield>
  </datafield>
  <datafield tag="952" ind1=" " ind2=" ">
    <subfield code="0">0</subfield>
    <subfield code="1">0</subfield>
    <subfield code="4">0</subfield>
    <subfield code="7">0</subfield>
    <subfield code="8">NFIC</subfield>
    <subfield code="a">CIPS</subfield>
    <subfield code="b">CIPS</subfield>
    <subfield code="c">GEN</subfield>
    <subfield code="d">2016-04-07</subfield>
    <subfield code="l">0</subfield>
    <subfield code="o">320.95 SOU 2005</subfield>
    <subfield code="p">CIPSD0000435</subfield>
    <subfield code="r">2016-04-07</subfield>
    <subfield code="w">2016-04-07</subfield>
    <subfield code="y">BK</subfield>
  </datafield>
</record>
